000 01306nam0a22002771 4500
001 rc\295752
005 20260406151512.0
010 _a5-345-00365-3
_950000
035 _a(NLR Aleph) 005526505
090 _a5563790
_c5563790
100 _a20030307d1990 |||y0rusy50 ca
101 0 _arus
102 _aRU
105 _ay |||||||||
200 1 _aГигиеническая подготовка начальников детских летних оздоровительных учреждений
_eМетод. рекомендации
_fМ-во здравоохранения БССР. Респ. центр здоровья
_g[Авт.-сост. В.В. Королева, С.Ф. Кретова]
210 _aМинск
_cПолымя
_d1990
215 _a50, [3] с.
_d20
320 _aБиблиогр.: с. 52
702 1 _4220
_7ca
_8rus
_aКоролева
_bВ. В.
_cспециалист в обл. организации здравоохранения
_gВалентина Васильевна
_9207490
_3RU\NLR\AUTH\770207543
712 0 2 _aБелорусский республиканский центр здоровья
_cМинск
_9349686
_3RU\NLR\AUTH\889927010
801 0 _aRU
_bNLR
_gpsbo
801 1 _aRU
_bELAR
_2rusmarc
852 _aNLR
_j90-4/6981
942 _cBOOK
980 _aNB